| 000 | 00762nam a22002177a 4500 | ||
|---|---|---|---|
| 005 | 20251108173510.0 | ||
| 008 | 250721s2001 xx 000 0 ara d | ||
| 082 | 1 | 4 | _aط/920.72/حاج |
| 100 | 1 | _aالحاجي، محمد عمر | |
| 245 | 1 | 0 | _aقال عنها رسول الله " رحمك الله يا أمي " السيدة فاطمة بنت أسد رضي الله عنها / |
| 264 | 1 |
_aدمشق : _bدار الحافظ، _c2001. |
|
| 300 | _a16ص. | ||
| 490 | 0 |
_aنساء خالدات _v9 |
|
| 650 | 1 | 7 | _aالمراة المسلمة |
| 650 | 1 | 7 | _aالتراجم |
| 650 | 1 | 7 | _aالسيرة النبوية |
| 653 | _aناشئون صغار (10-14 سنة) | ||
| 653 | _aالسيدة فاطمة بنت أسد | ||
| 942 |
_2ddc _cBK |
||
| 999 |
_c105336 _d105336 |
||